000 00579nam a2200217 a 4500
001 10037
003 CO-ViMGA
008 141112s2004 ck r 000 u spa d
020 _a9586481387
040 _aCO-ViMGA
_bspa
_cCO-ViMGA
082 0 4 _a320.94 G71
100 1 _aCzynczyk,
_912570
245 1 0 _aLa Gran Europa?
260 _aSantafé de Bogotá :
_bEcoe ediciones,
_c1997
300 _a276p.
650 1 4 _aCONDICIONES SOCIALES
_912571
650 1 4 _aEUROPA
_912572
650 1 4 _aPolítica Y GOBIERNO
_912573
650 1 4 _aRELACIONES EXTERIORES
_912574
942 _2ddc
_cBK
999 _c21413
_d21413